00431nam a22001577a 4500003000900000005001700009008003200026020001800058040002200076082001500098100002300113245006000136260003100196300002600227700002000253DO-SdBNP20180209134340.0161116b 1990 sp a 00| 0 spa d a9788478186389 aBPMSUbspacBPMSU 4axxxxbxxxx1 aBrun-Cosme, Nadine10aAlex y el silencio /cNadine Brun-Cosme, Yan Nascimbene aBarcelona :bMilan,c1990. a30 p. :bil.,c28 cm.1 aNascimbene, Yan